| 000 | 00490nam a22001697a 4500 | ||
|---|---|---|---|
| 005 | 20251108173524.0 | ||
| 008 | 250721s2007 xx 000 0 ara d | ||
| 082 | 1 | 4 | _a658.076/زيا |
| 100 | 1 | _aزيارة، فريد فهمي | |
| 245 | 1 | 0 | _a1350 سؤال و جواب في الإدارة / |
| 264 | 1 |
_aعمان : _bفريد زيارة، _c2007. |
|
| 300 | _a389 ص. | ||
| 650 | 1 | 7 | _aالإدارة |
| 650 | 1 | 7 | _aالأسئلة و الأجوبة |
| 942 |
_2ddc _cBK |
||
| 999 |
_c105924 _d105924 |
||